| 000 | 01277nam a22002537a 4500 | ||
|---|---|---|---|
| 005 | 20091005103526.0 | ||
| 008 | 091005t xxu||||| |||| 00| 0 HIN d | ||
| 010 | _aHIN-87995 | ||
| 020 |
_c195.00 _a8187449837 |
||
| 035 | _aHN-60341 | ||
| 037 | _bDBAD / PUB | ||
| 040 |
_aDPL _bHN |
||
| 082 | _a425 | ||
| 100 | _aमिश्रा, महेन्द्र कुमार | ||
| 245 |
_aआओ संस्कृत बोलना सीखें / _cमहेन्द्र कुमार मिश्रा |
||
| 246 |
_aAao Sanskrit bolana seekhen _bby Mahendra Kumar Mishra |
||
| 260 |
_aजयपुर _bजैन प्रकाशन मंदिर _c2008 |
||
| 270 |
_a1024, चपलावत जैन मैन्शन, सिंधी जी का रास्ता, चौड़ा रास्ता _bजयपुर _e302003 (राज.) _k0141- 2319515 |
||
| 300 |
_a380पृ _c22सेमी (अजिल्द) |
||
| 650 | _aसंस्कृत भाषा | ||
| 650 | _aSanskrit language | ||
| 942 |
_2ddc _cHN _mमिश्राम _h425 |
||
| 999 |
_c30796 _d30796 |
||